Missing Word: Monty Python Quiz Stats

 Plays Quiz Updated Dec 6, 2014

Challenge
Share
Tweet
Embed
Score 0/18 Timer 02:00
6 Plays Today
Hint Missing Word % Correct
Monty Python and the _____ GrailHoly
96.6%
Monty Python's Flying _____Circus
95.3%
Always Look on the Bright ____ of LifeSide
95.1%
The Knights of the _____ TableRound
93.5%
Monty Python's Life of _____Brian
87%
'Nobody expects the _____ Inquisition!'Spanish
86.2%
'And now for something completely _____'Different
84.3%
_____ IdleEric
78.8%
John _____Cleese
78.6%
Hint Missing Word % Correct
The _____ Who Say NiKnights
76.4%
_____ GilliamTerry
75.7%
Michael _____Palin
64.1%
_____ ParrotDead
61.9%
'I'm a _____ and I'm OK' Lumberjack
61.3%
The Holy Hand _____ of the AntiochGrenade
52.4%
Graham _____Chapman
46.7%
Terry _____Jones
43%
Peoples' Front of _____ Judea
34.9%

Today's Daily Dose

You're not logged in!

Compare scores with friends on all Sporcle quizzes.
OR
Log In

You Might Also Like...

Show Comments

Extras

Top Quizzes Today


Score Distribution

Your Account Isn't Verified!

In order to create a playlist on Sporcle, you need to verify the email address you used during registration. Go to your Sporcle Settings to finish the process.

Report this User

Report this user for behavior that violates our Community Guidelines.

Details: